Participant observation : a methodology for human studies

Αποθηκεύτηκε σε:
Λεπτομέρειες βιβλιογραφικής εγγραφής
Κύριος συγγραφέας: Jorgensen, Danny L.
Μορφή: Βιβλίο
Γλώσσα:English
Δημοσίευση: Newbury Park : Sage Publications, c1989
Σειρά:Applied social research methods series ; ; 15
Θέματα:
Ετικέτες: Προσθήκη ετικέτας
Δεν υπάρχουν, Καταχωρήστε ετικέτα πρώτοι!

MARC

LEADER 00000nam a2200000 i 4500
001 1/18354
008 981015s1989 eng d
020 |a 0-8039-2877-7 
035 |l 10020885 
040 |a GR-MY-UA  |b gre  |e aacr 
041 0 |a eng 
082 0 |a 300.72 
100 1 |a Jorgensen, Danny L. 
245 1 0 |a Participant observation :  |b a methodology for human studies /  |c Danny L. Jorgensen 
260 |a Newbury Park :   |b Sage Publications,   |c c1989 
300 |a 133 p. 
490 1 |a Applied social research methods series  |v ; 15 
504 |a Bibliography: p. [124]-130: Includes index 
650 0 0 |a Participant observation. 
650 0 0 |a Social sciences  |x Field work. 
650 0 0 |a Social sciences  |x Research  |x Methodology. 
830 0 |a Applied social research methods series ;  |v ; 15 
852 |a INST  |b LESVOS  |e 19981015  |h 300.72 JOR  |p 005100018248  |q 005100018248  |t BK  |y 0 
901 |a BIBL-1999-1 
909 |a Λ  |b 059500 
922 |a 1ΕΛΗ  |b 199809  |c ΚΠΣ/ΤΓ  |d ΠΑΠΑΣΩΤΗΡΙΟΥ 
950 |a 118-1998-07-23